Catálogo
 En Linea

La vida y el arte de Auguste Rodin,. (Registro nro. 10397)

Detalles MARC
000 -CABECERA
campo de control de longitud fija 00870cam a2200229u 4500
001 - NÚMERO DE CONTROL
campo de control 000010639
005 - FECHA Y HORA DE LA ÚLTIMA TRANSACCIÓN
campo de control 20200929162249.0
008 - DATOS DE LONGITUD FIJA--INFORMACIÓN GENERAL
campo de control de longitud fija 840920s1945 ag cf 000 0bspa
010 ## - NÚMERO DE CONTROL DE LA BIBLIOTECA DEL CONGRESO
Número de control de LC 47027952
040 ## - FUENTE DE LA CATALOGACIÓN
Centro catalogador/agencia de origen DO-SdBNP
Centro/agencia transcriptor CarP
Centro/agencia modificador DLC
050 00 - SIGNATURA TOPOGRÁFICA DE LA BIBLIOTECA DEL CONGRESO
Número de clasificación NB553.R7
Número de documento/Ítem F78
100 1# - ENTRADA PRINCIPAL--NOMBRE DE PERSONA
Nombre de persona Frisch, Victor,
Fechas asociadas al nombre 1876?-1939. [from old catalog]
9 (RLIN) 25742
240 00 - TÍTULO UNIFORME
Título uniforme Auguste Rodin, a biography. Spanish. [from old catalog]
245 03 - MENCIÓN DE TÍTULO
Título La vida y el arte de Auguste Rodin,.
260 ## - PUBLICACIÓN, DISTRIBUCIÓN, ETC.
Lugar de publicación, distribución, etc. Buenos Aires, :
Nombre del editor, distribuidor, etc. Editorial Poseidon,
Fecha de publicación, distribución, etc. [1945].
300 ## - DESCRIPCIÓN FÍSICA
Extensión 526 p. :
Otras características físicas plates, ports. ;
Dimensiones 24 cm.
600 10 - PUNTO DE ACCESO ADICIONAL DE MATERIA--NOMBRE DE PERSONA
Nombre de persona Rodin, Auguste,
Fechas asociadas al nombre 1840-1917.
9 (RLIN) 25743
700 1# - PUNTO DE ACCESO ADICIONAL--NOMBRE DE PERSONA
Nombre de persona Shipley, Joseph Twadell,
Fechas asociadas al nombre 1893-
Término indicativo de función/relación joint author.
9 (RLIN) 25744
700 1# - PUNTO DE ACCESO ADICIONAL--NOMBRE DE PERSONA
Nombre de persona Jordana, Cesar Augusto,
Fechas asociadas al nombre 1893- [from old catalog]
Término indicativo de función/relación tr.
9 (RLIN) 25745
830 #0 - PUNTO DE ACCESO ADICIONAL DE SERIE-TÍTULO UNIFORME
Título uniforme Coleccion Vidas y obras. [from old catalog]
9 (RLIN) 25746
910 ## - DATOS DE OPCIÓN DEL USUARIO (OCLC)
Datos de opción del usuario Catalogación por copia / LC
Existencias
Estado de retiro Estado de pérdida Restricciones de uso No para préstamo Código de colección Localización permanente Ubicación/localización actual Ubicación en estantería Fecha de adquisición Número de inventario Total de préstamos Signatura topográfica completa Código de barras Fecha visto por última vez Precio válido a partir de Tipo de ítem Koha
    Préstamo interno Préstamo restrigido Monografías: Libros y Folletos General General En encuadernación 08.10.2009 LF1   10639-10 25.06.2020 25.06.2020 Préstamo interno

Con tecnología Koha